<?xml version="1.0" encoding="UTF-8"?>
<record
    xmlns:xsi="http://www.w3.org/2001/XMLSchema-instance"
    xsi:schemaLocation="http://www.loc.gov/MARC21/slim http://www.loc.gov/standards/marcxml/schema/MARC21slim.xsd"
    xmlns="http://www.loc.gov/MARC21/slim">

  <leader>01649nab a2200241 i 4500</leader>
  <controlfield tag="003">BR-BrBNA</controlfield>
  <controlfield tag="005">20250408092755.0</controlfield>
  <controlfield tag="008">250408b2016    bl.qr|pooa||| 00| 0 por |</controlfield>
  <datafield tag="040" ind1=" " ind2=" ">
    <subfield code="a">BR-BrBNA</subfield>
    <subfield code="b">por</subfield>
  </datafield>
  <datafield tag="072" ind1=" " ind2=" ">
    <subfield code="a">F70</subfield>
  </datafield>
  <datafield tag="100" ind1=" " ind2=" ">
    <subfield code="a">Lob&#xE3;o, Adriana Quintella</subfield>
  </datafield>
  <datafield tag="245" ind1=" " ind2=" ">
    <subfield code="a">Flora das cangas da Serra dos Caraj&#xE1;s, Par&#xE1;, Brasil: Annonaceae</subfield>
  </datafield>
  <datafield tag="500" ind1=" " ind2=" ">
    <subfield code="a">Publica&#xE7;&#xE3;o on-line; 17 ref,. 1 illus.; Summaries (En, Pt)</subfield>
  </datafield>
  <datafield tag="520" ind1=" " ind2=" ">
    <subfield code="a">

Resumo

Annonaceae est&#xE1; representada nas cangas e matas baixas (transi&#xE7;&#xE3;o com o campo rupestre) da Serra de Caraj&#xE1;s por 
duas esp&#xE9;cies: Guatteriapunctata e Xylopia aromatica. Apresentam-se chave de identifica&#xE7;&#xE3;o das
esp&#xE9;cies, descri&#xE7;&#xF5;es e coment&#xE1;rios sobre fenologia, distribui&#xE7;&#xE3;o geogr&#xE1;fica e h&#xE1;bitats.

Palavras-chave: Amaz&#xF4;nia, Guatteria, Par&#xE1;, taxonomia, Xylopia.




Abstract

Annonaceae is represented in cangas and forest (transition with rocky outcrops) of Serra de Caraj&#xE1;s by two
species: Guatteriapunctata and Xylopia aromatica. An identification key, descriptions and comments on the
phenology, geographic distribution, and habitats are included.

Key words: Amaz&#xF4;nia, Guatteria, Par&#xE1;, taxonomy, Xylopia.
</subfield>
  </datafield>
  <datafield tag="650" ind1=" " ind2=" ">
    <subfield code="a">AMAZ&#xD4;NIA</subfield>
  </datafield>
  <datafield tag="650" ind1=" " ind2=" ">
    <subfield code="a">PAR&#xC1;</subfield>
  </datafield>
  <datafield tag="650" ind1=" " ind2=" ">
    <subfield code="a">TAXONOMIA</subfield>
  </datafield>
  <datafield tag="650" ind1=" " ind2=" ">
    <subfield code="a">XYLOPIA AROMATICA</subfield>
  </datafield>
  <datafield tag="773" ind1="0" ind2=" ">
    <subfield code="0">709</subfield>
    <subfield code="9">349694</subfield>
    <subfield code="d">Rio de Janeiro-RJ Jardim Botanico do Rio de Janeiro 1935</subfield>
    <subfield code="o">2025-2214</subfield>
    <subfield code="t">Rodrigu&#xE9;sia (Brazil)</subfield>
    <subfield code="x">0370-6583; 2175-7860 on-line</subfield>
    <subfield code="g">v. 67(5 special number) p. 1205-1209; (2016)</subfield>
    <subfield code="w">BR2025000288</subfield>
  </datafield>
  <datafield tag="856" ind1=" " ind2=" ">
    <subfield code="u">https://www.scielo.br/j/rod/a/jTswjGggmpmN9bVhJ7Ww6fP/?format=pdf&amp;lang=pt</subfield>
  </datafield>
  <datafield tag="942" ind1=" " ind2=" ">
    <subfield code="c">ANA</subfield>
  </datafield>
  <datafield tag="999" ind1=" " ind2=" ">
    <subfield code="c">330902</subfield>
    <subfield code="d">330902</subfield>
  </datafield>
</record>
